Spot the Difference (on a Drawing) - Statistics

General Stats
  • This quiz has been taken 2,334 times
  • The average score is 6 of 7
Answers on the Map
Answers color-coded by a green-red scale on the quiz's map according to % correct below.
 
Answer Stats
Differences % Correct
Hour on the clock
98%
Number of flowers
96%
Number of pins on the map
90%
Number of buttons on the radio
86%
Number of bubbles in the aquarium
84%
Colour of the fifth book
80%
Size of the third book
35%
No matching quizzes found
Score Distribution
Percent of People with Each Score
Percentile by Number Answered
Your Score History
You have not taken this quiz